000
00251nam a2200109Ia 4500
008
151213s9999 xx 000 0 und d
245
_a
Assessing Aid
260
_a
New Yeork
_b
World Bank
_c
1998
300
_a
2036 p.
650
_a
Reference
999
_c
1493
_d
1493